01799nam a22004097a 4500001001000000003000900010005001700019007001000036008003700046020001800083040002200101092003400123100001900157245017100176260004100347300002900388490000900417500002500426500005800451500005600509650005000565650004900615650001600664700004000680700002600720700003200746700002600778830000900804910003700813942001200850945004400862952013800906952014501044952014501189956004001334999001501374000013901DO-SdBNP20180315130744.0000013901160503b 2008 dr | 00| 0 spa d a9789945112986 aBPMSUbspacBPMSU a371.3 bS715g 3ro. 20081 aSosa R., Olga 10aGupi 3 :beducación inicial / cOlga Sosa R. ; dirección editorial Obdulia García de Escobar ; ilustración Jonás Muvdi, José Amado Polanco, Tulio Matos. aSanto Domingo :bSantillana, c2008. a128 p. bil. ; c28 cm. 1 aGupi aEducación inicial  aLa biblioteca posee la guía del maestro solamente.  aGuía didáctica para el profesor y la profesora. 4aEDUCAIÓN DE NIÑOSzREPÚBLICA DOMINICANA 4aEDUCACIÓN PRIMARIAzREPÚBLICA DOMINICANA 4aPEDAGOGÍA12aGarcía de Escobar, Obdulia, eed.12aMuvdi, Jonás,eil. 12aAmado Polanco, Joséeil. 12aNúñez, Ruddyeil. 0aGupi aValidado. Control de calidad MFF 2ddccBK aRemanejado para la Bib. BNPHU, 2018/ YL 00102ddc40708CEaBPMETbBPMETd2016-05-03eDonaciónl0o371.3 S715g 3ro. 2008pBPMSU16050004r2016-05-03w2016-05-03yBK 00102ddc40708CEaBPMETbBPMETd2016-06-02eDonaciónl0o371.3 S715g 3ro. 2008pBPMSU16060021r2016-06-02tej. 2w2016-06-02yBK 00102ddc40708CEaBPMETbBPMETd2016-06-02eDonaciónl0o371.3 S715g 3ro. 2008pBPMSU16060022r2016-06-02tej. 3w2016-06-02yBK 2LOPEREZ3106201605038BPMSUa00041 c9975d9975